[Event "8th United Insurance"]
[Site "Dhaka BAN"]
[Date "2007.06.02"]
[Round "8"]
[White "Gopal,G"]
[Black "Hossain,Enam"]
[Result "0-1"]
[WhiteElo "2455"]
[BlackElo "2495"]

1.e4 c5 2.Nf3 e6 3.d4 cxd4 4.Nxd4 a6 5.Nc3 Qc7 6.Bd3 Nf6 7.O-O Bc5 8.Nb3 Be7
9.f4 d6 10.a4 b6 11.e5 Nfd7 12.exd6 Bxd6 13.Ne4 Be7 14.Kh1 Nf6 15.Nxf6+ Bxf6
16.Nd2 Nd7 17.Ne4 Bb7 18.Qe2 Nc5 19.Nxc5 bxc5 20.f5 e5 21.Be4 O-O 22.Bd2 Rad8
23.Bc3 Rd7 24.a5 h6 25.Rae1 Rfd8 26.Qf3 Bd5 27.Rd1 Bxe4 28.Rxd7 Rxd7 29.Qxe4 Qd8
30.Qe2 Qa8 31.Kg1 Qc6 32.Re1 c4 33.Qe4 Rd5 34.Kf2 Qc5+ 35.Ke2 Qc6 36.Kf3 Qd7
37.g4 Rd1 38.Ke2 Rd6 39.h3 Qd8 40.Ra1 Bg5 41.Ra4 Rd2+ 42.Bxd2 Qxd2+ 43.Kf3 Qd1+
44.Kg2 Qd2+ 45.Kf3 Bh4 46.Qxc4 Qe1 47.Qc8+ Kh7 48.Qc5 Qf1+ 49.Ke4 Qf4+ 50.Kd3 Qxa4
51.Qxe5 Qc6 52.b4 Bf6 53.Qc5 Qf3+ 54.Kc4 Qxh3 55.Kd5 Qxg4 56.Kc6 Qe4+ 57.Kd7 Qb7+
58.Ke8 Qb8+ 59.Kd7 Qd8+ 60.Kc6 Qc8+ 61.Kd6 Qb7 62.Qb6 Be7+ 63.Ke5 Qc8 64.b5 axb5
65.Qxb5 Qxc2 66.a6 Bc5 67.Kd5 Bg1 68.Kd6 Bh2+ 69.Ke7 Qc7+ 70.Ke8 Bd6  0-1

[Event "1st Alushta Summer"]
[Site "Alushta UKR"]
[Date "2007.06.03"]
[Round "2"]
[White "Harutjunyan,G"]
[Black "Tukhaev,A"]
[Result "1/2-1/2"]
[WhiteElo "2404"]
[BlackElo "2466"]

1.e4 c5 2.Nc3 e6 3.Nf3 a6 4.d4 cxd4 5.Nxd4 b5 6.g3 Bb7 7.Bg2 d6 8.O-O Nd7
9.Re1 Qc7 10.Bg5 g6 11.a4 h6 12.Bd2 bxa4 13.Nxa4 Ngf6 14.Nb3 Rc8 15.Na5 Ba8
16.Qe2 Nb8 17.Ra3 Nfd7 18.Rc3 Qd8 19.Rd1 Be7 20.Rxc8 Qxc8 21.Bb4 Nc6 22.Nxc6 Qxc6
23.Nc3 Ne5 24.Qe3 O-O 25.Qa7 Bb7 26.h3 Nc4 27.Qd4 Nxb2 28.Nd5 exd5 29.Bc3 f6
30.exd5 Qc4 31.Bxb2 Qxd4 32.Bxd4 Rc8 33.Rb1 Rc7 34.c4 Kf7 35.Bf1 Bc8 36.Rb8 Bf5
37.g4 Bc2 38.f3 Rd7 39.Rb2 Ba4 40.Bd3 Rc7 41.Ra2 Bb3 42.Ra3 Rb7 43.Kf2 Rb4
44.Bc3 Rb6 45.Ke3 f5 46.gxf5 gxf5 47.Bd4 Rb4 48.Kd2 Rb7 49.Rxa6 Bg5+ 50.Be3 f4
51.Bd4 Be7 52.Ra1 Bd8 53.Kc3 Bc7 54.Be2 Bd8 55.Rg1 Ba5+ 56.Kd3 Rb4 57.Rc1 Ra4
58.Ke4 Bd2 59.Ra1 Bc2+ 60.Bd3 Rxc4 61.Bxc2 Be3 62.Ra4 Rxc2 63.Bxe3 fxe3 64.Kxe3 Rc5
65.Ke4 Kf6 66.Ra6 Rc4+ 67.Kd3 Rh4 68.Rxd6+ Ke5 69.Rd8 Rxh3 70.Ke3 h5 71.Kf2 h4
72.Ke3 Rg3 73.d6 Ke6 74.Kf4 Rg1 75.Rh8 Kxd6 76.Rxh4 Ke6  1/2-1/2

[Event "10th IHEM"]
[Site "Hamburg GER"]
[Date "2007.06.03"]
[Round "9"]
[White "Fries Nielsen,JO"]
[Black "Putzbach,G"]
[Result "1/2-1/2"]
[WhiteElo "2374"]
[BlackElo "2253"]

1.e4 c5 2.Nf3 e6 3.Nc3 a6 4.d4 cxd4 5.Nxd4 d6 6.b3 Nf6 7.Bb2 b5 8.Bd3 Bb7
9.Qe2 Nbd7 10.f4 Nc5 11.b4 Nxd3+ 12.cxd3 Qb6 13.Nb3 d5 14.a3 dxe4 15.dxe4 Rc8
16.Rd1 Be7 17.Rf1 O-O 18.Rd3 Rfd8 19.Rg3 g6 20.e5 Nd5 21.Ne4 Rc4 22.Na5 Nxf4
23.Nxc4 Nxe2 24.Nxb6 Nxg3 25.Nxg3 Bg5 26.a4 Bd2+ 27.Ke2 Bxb4 28.Rd1 Rxd1
29.Kxd1 bxa4 30.Nxa4 Bxg2 31.Bc3 Ba3 32.Kd2 h5 33.Ke3 Bc6 34.Nb2 Bc5+ 35.Bd4 Bxd4+
36.Kxd4 h4 37.Nf1 Kg7 38.Ne3 f5 39.exf6+ Kxf6 40.Nbc4 Bf3 41.Ne5 Be2 42.Nd7+ Ke7
43.Nc5 Kd6 44.Ne4+ Kc6 45.Nc3 Bf3 46.Nc4 Bh5 47.Ne5+ Kc7 48.Ne4 a5 49.Kc5 a4
50.Kb4 Bd1 51.Nc3 Bc2 52.Nb5+ Kd8 53.Nd4 Bf5 54.Nxe6+ Bxe6 55.Nxg6 h3 56.Nf4 Bd7
57.Nxh3  1/2-1/2

[Event "35th World Open"]
[Site "King of Prussia USA"]
[Date "2007.06.03"]
[Round "7"]
[White "Martinez,Marce"]
[Black "Banawa,Joe"]
[Result "1-0"]
[WhiteElo "2386"]
[BlackElo "2310"]

1.e4 c5 2.Nf3 e6 3.d4 cxd4 4.Nxd4 a6 5.Nc3 Qc7 6.Bd3 Nf6 7.O-O Bc5 8.Nb3 Be7
9.f4 d6 10.Qe2 Nbd7 11.Bd2 b5 12.a4 b4 13.Nd1 Bb7 14.Nf2 a5 15.c3 Nc5 16.Nxc5 dxc5
17.e5 Nd7 18.Ne4 O-O 19.c4 Rfd8 20.Be3 Nf8 21.Bb1 Rac8 22.b3 Ng6 23.Qh5 Rd7
24.Bc2 Rcd8 25.Rad1 Rxd1 26.Rxd1 Rxd1+ 27.Qxd1 Nh4 28.Bf2 Nf5 29.Qd3 Qc6
30.Qh3 h6 31.Kf1 Nd4 32.Bb1 Qd7 33.Ke1 Qc6 34.Kf1 Qd7 35.Ke1 Qc6 36.Bg1 Kf8
37.Bf2 Kg8 38.Qe3 Nf5 39.Qd2 h5 40.Qd1 g6 41.g3 Qc7 42.Nd2 Nd4 43.Bxd4 cxd4
44.Be4 Bc8 45.Nf3 Bc5 46.Nxd4 Bb6 47.Nf3 Qc5 48.Qd2 Kg7 49.Kd1 Ba6 50.Kc1 Bxc4
51.bxc4 Qxc4+ 52.Qc2 Be3+ 53.Kb1 Qf1+ 54.Ka2 Bb6 55.Kb3 Qa1 56.Nd2 Qa3+ 57.Kc4 Qe3
58.Nb3 Qg1 59.Kb5 Ba7 60.Qc7 Qe3 61.Kxa5 Qxb3 62.Qxa7 Qc4 63.Qb7 b3 64.Qb4 Qc7+
65.Ka6 Qc8+ 66.Kb6 b2 67.Qxb2 Qb8+ 68.Bb7  1-0

[Event "8th United Insurance"]
[Site "Dhaka BAN"]
[Date "2007.06.04"]
[Round "10"]
[White "Hasan,Me"]
[Black "Hossain,Enam"]
[Result "0-1"]
[WhiteElo "2269"]
[BlackElo "2495"]

1.e4 c5 2.Nf3 e6 3.d4 cxd4 4.Nxd4 a6 5.Nc3 Qc7 6.Bd3 Nc6 7.Nb3 Nf6 8.O-O b5
9.a3 Bb7 10.f4 d6 11.Qf3 Be7 12.Bd2 b4 13.axb4 Nxb4 14.Na5 Nxd3 15.cxd3 Rb8
16.Rfc1 Qd7 17.Na4 Ba8 18.Nc4 d5 19.Ncb6 Qa7 20.e5 Nd7 21.Qf2 Nxb6 22.Be3 O-O
23.Bxb6 Qd7 24.Rc7 Qe8 25.Rxe7 Qxe7 26.Bc5 Qc7 27.Bxf8 Rxf8 28.Qc5 Qb7 29.d4 Rb8
30.Rc1 h6 31.Qd6 Qb3 32.Qa3 Qb5 33.Rc2 Bc6 34.Nc5 a5 35.Qc3 Be8 36.h3 a4
37.Qd3 Qb4 38.Kf2 Ra8 39.Qc3 Qb6 40.Ke3 Qd8 41.g3 Rb8 42.Rf2 Bb5 43.Kf3 Be8
44.Kg2 Rb6 45.Kh2 Qb8 46.g4 Qd8 47.f5 exf5 48.gxf5 Qh4 49.Rg2 g5 50.fxg6 Rxg6
51.Rxg6+ fxg6 52.Qe3 Qh5 53.Nd3 Qf5 54.e6 Bb5 55.Nf2 h5 56.Kg3 Kf8 57.Qf4 h4+
58.Kf3 Ke7 59.Qxf5 gxf5 60.Kf4 Kxe6 61.Kg5 Be2 62.Nh1 Kd6 63.Kxf5 Kc6 64.Nf2 Kb5
65.Kf4 Kc4 66.Ke3 Bf1 67.Nd1 Bxh3  0-1

[Event "29th Mem Nezhmetdinov"]
[Site "Kazan RUS"]
[Date "2007.06.04"]
[Round "4"]
[White "Bezgodov,A"]
[Black "Turkin,V"]
[Result "1-0"]
[WhiteElo "2561"]
[BlackElo "2299"]

1.e4 c5 2.Nf3 e6 3.d4 cxd4 4.Nxd4 a6 5.Nc3 b5 6.Bd3 Bb7 7.O-O Ne7 8.Bg5 b4
9.Nce2 d5 10.Ng3 h6 11.Bf4 Nbc6 12.Nxc6 Bxc6 13.Qe2 dxe4 14.Bxe4 Nd5 15.Rad1 Be7
16.Nh5 g6 17.Bxg6 Rg8 18.Be4 Qb6 19.Bxd5 Bxd5 20.Bg3 Qc6 21.Nf4 Bc4 22.Nd3 Rd8
23.Rfe1 Rg5 24.b3 Bb5 25.a4 Bxd3 26.Rxd3 Rxd3 27.Qxd3 Rc5 28.Qh7 Rxc2 29.Qxh6 Qc3
30.Rd1 Re2 31.Kf1 Ra2 32.Qf4 f6 33.Qg4 Ra1 34.Qg8+ Bf8  1-0

[Event "Doroshkevich Mem"]
[Site "Belorechensk RUS"]
[Date "2007.06.05"]
[Round "8"]
[White "Kondenko,A"]
[Black "Zhukov,Vi"]
[Result "0-1"]
[WhiteElo "2283"]
[BlackElo "2213"]

1.e4 c5 2.Nf3 e6 3.Nc3 a6 4.d4 cxd4 5.Nxd4 Qc7 6.Bd3 Nf6 7.f4 d6 8.O-O Be7
9.a4 b6 10.Qe2 Nbd7 11.Bd2 Bb7 12.Kh1 O-O 13.Rae1 Nc5 14.Rf3 Rfe8 15.Rg3 Bf8
16.b4 Nxd3 17.cxd3 g6 18.Rc1 Rac8 19.Nd1 Qd7 20.b5 Rxc1 21.Bxc1 e5 22.Nf5 exf4  0-1

[Event "TCh-BIH"]
[Site "Vogosca BIH"]
[Date "2007.06.05"]
[Round "4"]
[White "Popovic,Du"]
[Black "Cabrilo,G"]
[Result "1/2-1/2"]
[WhiteElo "2557"]
[BlackElo "2494"]

1.e4 c5 2.Nf3 e6 3.d4 cxd4 4.Nxd4 a6 5.Nc3 Qc7 6.Bd3 Nc6 7.Nxc6 dxc6 8.O-O e5
9.f4 Nf6 10.Kh1 Bd6 11.f5 b5 12.a4 Rb8 13.Be3 Bb4 14.axb5 axb5 15.Ne2 Be7  1/2-1/2

[Event "FSIMA June"]
[Site "Budapest HUN"]
[Date "2007.06.06"]
[Round "5"]
[White "Eggleston,D"]
[Black "Corke,A"]
[Result "0-1"]
[WhiteElo "2300"]
[BlackElo "2154"]

1.e4 c5 2.Nf3 e6 3.d4 cxd4 4.Nxd4 a6 5.Nc3 Qc7 6.Bd3 Bc5 7.Nb3 Be7 8.Qg4 Nf6
9.Qxg7 Rg8 10.Qh6 Rg6 11.Qh3 Rg8 12.Bd2 d6 13.f4 b5 14.a3 Nbd7 15.O-O-O Bb7
16.Rhg1 Ng4 17.Rgf1 Qb6 18.Qg3 h5 19.h3 Ngf6 20.Qf2 Nc5 21.Kb1 Qc7 22.Rfe1 h4
23.Nd4 Nh5 24.Nf3 Ng3 25.e5 dxe5 26.Nxe5 Nxd3 27.cxd3 Bc5 28.d4 Bb6 29.Rc1 Qd6
30.Ng4 Bxd4 31.Be3 Bxc3 32.Rxc3 Ne4 33.Qxh4 Nxc3+ 34.bxc3 Rxg4 35.hxg4 Qxa3
36.Qh8+ Ke7 37.Qh4+ Kd7 38.Rd1+ Bd5 39.Bd4 Qa2+ 40.Kc1 Qc4 41.Kd2 b4 42.Qf6 bxc3+
43.Bxc3 Rf8 44.Ke3  0-1

[Event "FSGM June"]
[Site "Budapest HUN"]
[Date "2007.06.06"]
[Round "5"]
[White "Pasalic,Ha"]
[Black "Haznedaroglu,K"]
[Result "1-0"]
[WhiteElo "2261"]
[BlackElo "2440"]

1.e4 c5 2.Nf3 e6 3.Nc3 a6 4.d4 cxd4 5.Nxd4 Qc7 6.Bd3 Nf6 7.O-O h5 8.Kh1 Bc5
9.Be2 b5 10.f4 b4 11.e5 bxc3 12.exf6 gxf6 13.Bf3 Bb7 14.bxc3 Nc6 15.Rb1 Rb8
16.Be3 Na5 17.Bxb7 Rxb7 18.Qe2 Rb6 19.Qf2 Qb7 20.Rxb6 Qxb6 21.Qg3 Nc4 22.Bf2 Nd6
23.Qg7 Rf8 24.Re1 f5 25.Bh4 Bxd4 26.cxd4 Ne4 27.h3 d5 28.Re3 Qd6 29.Bg5 Kd7
30.Rb3 Kc6 31.Bh6 Rd8 32.Qxf7 Qd7 33.Qxh5 Rb8 34.Qg6 Qe8 35.Qxe8+ Rxe8 36.Bg7 Rc8
37.Be5 Kd7 38.Rb7+ Ke8 39.Rb6 Kf7 40.Rxa6 Rxc2 41.Kh2 Rc3 42.Ra7+ Kf8 43.a4 Ng3
44.a5 Nf1+ 45.Kg1 Rc1 46.Kf2 Nd2 47.a6 Ne4+ 48.Ke2 Rc2+ 49.Kd1 Ra2 50.h4 Nc3+
51.Ke1 Re2+ 52.Kf1 Ra2 53.h5 Ra1+ 54.Kf2 Ne4+ 55.Kf3 Ra3+ 56.Ke2 Ng3+ 57.Kf2 Ne4+
58.Kg1 Ra1+ 59.Kh2 Nf2 60.h6 Ng4+ 61.Kg3 Nxe5 62.fxe5 Kg8 63.Rg7+ Kh8 64.a7 f4+
65.Kh2 f3 66.Rf7 f2 67.Rxf2 Rxa7 68.Rf6 Ra4 69.Rxe6 Rxd4 70.Kh3 Re4 71.Kg3 d4
72.Kf3 Re1 73.Kf4 d3 74.Rd6 Kh7 75.Rxd3 Kxh6 76.Rg3  1-0

[Event "zt 2.3"]
[Site "Santo Domingo DOM"]
[Date "2007.06.06"]
[Round "9"]
[White "Bruzon Batista,L"]
[Black "Gonzalez Zamora,J"]
[Result "1-0"]
[WhiteElo "2620"]
[BlackElo "2537"]

1.e4 c5 2.Nf3 e6 3.d4 cxd4 4.Nxd4 a6 5.Nc3 b5 6.Bd3 d6 7.O-O Nf6 8.a4 bxa4
9.Rxa4 Be7 10.f4 Nbd7 11.Nb3 Qb6+ 12.Kh1 h5 13.Qe2 h4 14.Be3 Qb7 15.Rfa1 h3
16.g3 O-O 17.Na5 Qc7 18.Rc4 Qd8 19.Nc6 Qe8 20.Nb5 axb5 21.Rxa8 Nb6 22.Bxb6 bxc4
23.Rxc8 cxd3 24.cxd3 Qd7 25.Rc7 Qe8 26.Nxe7+ Kh8 27.Bd4 Qa4 28.Bg1 Qb5 29.g4 g5
30.Qf3 Kg7 31.e5 dxe5 32.fxe5 Qxe5 33.Rc5 Qf4 34.Qxf4 gxf4 35.Bd4 Ra8 36.Kg1 Ra1+
37.Kf2  1-0

[Event "FSGM June"]
[Site "Budapest HUN"]
[Date "2007.06.08"]
[Round "7"]
[White "Pasalic,Ha"]
[Black "Bui Vinh"]
[Result "1-0"]
[WhiteElo "2261"]
[BlackElo "2483"]

1.e4 c5 2.Nf3 e6 3.Nc3 a6 4.d4 cxd4 5.Nxd4 Nc6 6.Be3 Qc7 7.Bd3 Nf6 8.Nb3 b5
9.f4 d6 10.Qf3 Rb8 11.O-O b4 12.Ne2 Bb7 13.Qg3 h5 14.h3 Rc8 15.Rac1 Be7 16.c3 Qb8
17.Bb1 h4 18.Qf2 O-O 19.c4 Rfe8 20.Nd2 Qa8 21.b3 a5 22.Rce1 a4 23.Nd4 Nxd4
24.Bxd4 Nh5 25.Qf3 Ng3 26.Rf2 f5 27.Qd1 fxe4 28.Qg4 Bf8 29.Qxh4 Nf5 30.Qh5 axb3
31.axb3 d5 32.cxd5 Bxd5 33.Nxe4 Bxe4 34.Bxe4 Rc1 35.Rxc1 Qxe4 36.Qxe8 Nxd4
37.Qb8 Qe3 38.Rc8 Qe1+ 39.Kh2 Qxf2 40.Rxf8+ Kh7 41.Qa8 Qc2 42.Qe8  1-0

[Event "FSIMA June"]
[Site "Budapest HUN"]
[Date "2007.06.08"]
[Round "7"]
[White "Eggleston,D"]
[Black "Luch,M"]
[Result "1/2-1/2"]
[WhiteElo "2300"]
[BlackElo "2336"]

1.e4 c5 2.Nf3 a6 3.Nc3 e6 4.d4 cxd4 5.Nxd4 Qc7 6.Bd3 Nc6 7.Be3 Nf6 8.O-O Ne5
9.h3 Bc5 10.Qe2 d6 11.f4 Ng6 12.Nb3 Bxe3+ 13.Qxe3 O-O 14.Rad1 b5 15.a3 Bb7
16.e5 dxe5 17.Bxg6 hxg6 18.fxe5 Nd5 19.Nxd5 Bxd5 20.Nd4 Rfd8 21.Rf2 Rd7 22.Qg5 Bb7
23.c3 Rd5 24.Re1 a5 25.Nf3 Rad8 26.Kh2 Rd1 27.Rxd1 Rxd1 28.Nd4 b4 29.axb4 axb4
30.Qe3 bxc3 31.bxc3 Rb1 32.Qf4 Re1 33.Nb5 Qxe5 34.Qxe5 Rxe5 35.Nd6 Bc6 36.Nxf7 Rc5
37.Nd8 Bd7 38.Re2 Rxc3  1/2-1/2

[Event "8th UKR Universiad"]
[Site "Evpatoria UKR"]
[Date "2007.06.08"]
[Round "4"]
[White "Antonova,Ev"]
[Black "Sluzhbina,A"]
[Result "1/2-1/2"]
[WhiteElo "2129"]
[BlackElo "2124"]

1.e4 c5 2.Nf3 e6 3.d4 cxd4 4.Nxd4 a6 5.Nc3 b5 6.a3 Bb7 7.Be2 Qc7 8.O-O Nf6
9.Bf3 d6 10.Re1 Be7 11.a4 b4 12.Na2 d5 13.exd5 Nxd5 14.c3 bxc3 15.Nxc3 Nxc3
16.bxc3 Nd7 17.Rb1 Bxf3 18.Qxf3 Rc8 19.Bd2 O-O 20.Rb7 Qd6 21.Bf4 e5 22.Nf5 Qe6
23.Qg4 Bf6 24.Rxd7 Qc4 25.Nh6+ Kh8 26.Nxf7+ Rxf7 27.Rxf7 exf4 28.Qe6 Qxe6
29.Rxe6 h6 30.Rxa6 Rxc3 31.h3 Rc1+ 32.Kh2 Rc2 33.f3 Rc4 34.Rfxf6 gxf6 35.Rxf6 Kg7
36.Ra6 h5 37.h4 Rc1 38.Ra5 Kg6 39.Rg5+ Kh6 40.Rf5 Rc4 41.a5 Ra4 42.Rb5 Kg6
43.Rb6+ Kg7 44.a6 Kh7 45.Rb7+ Kg6 46.a7 Ra1 47.g3 Ra2+ 48.Kh3 Ra3 49.gxf4 Rxf3+
50.Kg2 Ra3 51.Kf2 Kf5 52.Rf7+ Kg6 53.Re7 Kf5 54.Re3 Rxa7 55.Kf3 Ra5 56.Rc3 Rb5
57.Re3 Ra5  1/2-1/2

[Event "XV Lasker Mem Open A"]
[Site "Barlinek POL"]
[Date "2007.06.09"]
[Round "9"]
[White "Dragun,K"]
[Black "Tokarski,B"]
[Result "1/2-1/2"]
[WhiteElo "2030"]
[BlackElo "2076"]

1.e4 c5 2.Nf3 e6 3.Nc3 a6 4.d4 cxd4 5.Nxd4 Qc7 6.Be2 Nf6 7.O-O Be7 8.a4 O-O
9.Kh1 Nc6 10.Be3 b6 11.f4 Nxd4 12.Bxd4 Bb7 13.e5 Ne4 14.Nxe4 Bxe4 15.Bd3 Bxd3
16.Qxd3 d5 17.f5 exf5 18.Rxf5 g6 19.Rf2 b5 20.axb5 axb5 21.Raf1 b4 22.Qe3 Qc6
23.Qh6 Qc4 24.Rf4 Qxc2 25.e6 f6 26.h4 Qe2 27.Bxf6 Bxf6 28.Rxf6 Rxf6 29.Rxf6 Qe5
30.Qf4 Qxf4 31.Rxf4 Ra1+ 32.Kh2 Re1 33.Rxb4 Rxe6 34.Rd4 Re2 35.b4 Rb2 36.Rxd5  1/2-1/2

[Event "TCh-BIH"]
[Site "Vogosca BIH"]
[Date "2007.06.09"]
[Round "8"]
[White "Brenjo,S"]
[Black "Zivkovic,Vj"]
[Result "1-0"]
[WhiteElo "2505"]
[BlackElo "2429"]

1.e4 c5 2.Nf3 e6 3.d4 cxd4 4.Nxd4 a6 5.Nc3 Qc7 6.Be2 b5 7.O-O b4 8.Na4 Bb7
9.Bf3 Bd6 10.g3 Nf6 11.Re1 Nc6 12.Bg2 h5 13.h3 h4 14.g4 Nxd4 15.Qxd4 e5 16.Qb6 Bc6
17.Qxc7 Bxc7 18.Nc5 d6 19.Nd3 a5 20.a3 bxa3 21.Rxa3 Bb6 22.Bd2 Ke7 23.Bg5 Ke6
24.b3 Bd4 25.Bd2 Bb6 26.Nb2 Bd4 27.Nc4 a4 28.c3 Ba7 29.b4 Rhc8 30.Na5 Be8
31.Bf1 Bb6 32.Nc4 Bd8 33.Nb2 Bc6 34.Bd3 Bb6 35.b5 Bc5 36.Rxa4 Bb7 37.g5 Nd7
38.Be2 Ke7 39.Bg4 Rxa4 40.Nxa4 Ra8 41.Bd1 Ba7 42.Bc2 Nc5 43.Nb2 Bb8 44.Nc4 Ra2
45.Bb1 Ra1 46.f3 Bc7 47.Kf1 Bc8 48.Kg2 Be6 49.Ne3 Ba5 50.Nc2 Ra4 51.Nb4 Bxb4
52.cxb4 Nb3 53.Bc3 Bc4 54.b6 Ra6 55.f4 f6 56.gxf6+ gxf6 57.b7 Rb6 58.Kf2 Rxb7
59.Rg1 Kf7 60.Rg4 Ra7 61.Rxh4 Kg7 62.Rg4+ Kf7 63.Rg1 Ra3 64.Rd1 Ra6 65.Ke3 Kg7
66.h4 Kh6 67.Bc2 Kh5 68.fxe5 dxe5 69.Bd3 Bxd3 70.Kxd3 Rd6+ 71.Kc2 Nd4+ 72.Bxd4 exd4
73.Kd3 Kxh4 74.Rb1 Rd8 75.b5 Kg4 76.b6 Kf4 77.Rb5  1-0

[Event "XV Lasker Mem Open A"]
[Site "Barlinek POL"]
[Date "2007.06.10"]
[Round "10"]
[White "Zezulkin,J"]
[Black "Koziak,V"]
[Result "1/2-1/2"]
[WhiteElo "2454"]
[BlackElo "2461"]

1.e4 c5 2.Nc3 a6 3.Nf3 e6 4.d4 cxd4 5.Nxd4 Nc6 6.Be3 d6 7.a4 Nf6 8.Be2 Be7
9.O-O O-O 10.Kh1 Qc7 11.f4 Re8 12.Bf3  1/2-1/2

[Event "7th ch-Euro Senior"]
[Site "Hockenheim GER"]
[Date "2007.06.10"]
[Round "9"]
[White "Khazankin,M"]
[Black "Fronczek,H"]
[Result "1-0"]
[WhiteElo "2112"]
[BlackElo "2285"]

1.e4 c5 2.Nc3 e6 3.Nf3 a6 4.d4 cxd4 5.Nxd4 b5 6.Bd3 Bb7 7.O-O Bc5 8.Nb3 Ba7
9.a4 b4 10.Na2 Nc6 11.c3 bxc3 12.Nxc3 Ne5 13.Bf4 d6 14.Bxe5 dxe5 15.Qg4 Nf6
16.Qe2 O-O 17.Kh1 Qb6 18.Ra3 Rfd8 19.Nd2 Qd4 20.Nd1 Bc6 21.Nf3 Qd6 22.Bc2 Qc7
23.Rc3 Bd4 24.Rc4 Qb7 25.Nc3 Rd7 26.h3 Rad8 27.Rb1 a5 28.b4 axb4 29.Rbxb4 Qa8
30.Ne1 g6 31.Kh2 h5 32.g3 Kg7 33.Nf3 Bb7 34.Bb1 Bxc3 35.Rxc3 Qa5 36.Qb2 Ba6
37.Rcb3 Qc5 38.Rc3 Qa7 39.Re3 Qc5 40.Rc3 Qa7 41.Re3 Rd4 42.Nxd4 exd4 43.Re1 d3
44.Rd1 Qc5 45.Rd2 e5 46.Kg2 Rd7 47.Ba2 g5 48.Rb6 Rd6 49.Rxd6 Qxd6 50.Qb3 Qe7
51.f3 g4 52.hxg4 hxg4 53.Rf2 Bb7 54.Qxd3 gxf3+ 55.Kg1 Bxe4 56.Qe3 Bg6 57.Rxf3 Ng4
58.Qb6 Qg5 59.Qb2 Qh5 60.a5 Nf6 61.Qb3 Be4 62.Kf2 Qh2+ 63.Ke3 Bxf3 64.Qxf7+ Kh8
65.Qxf6+ Kh7 66.Qf7+ Kh6 67.Qf6+ Kh7 68.Bb1+ e4 69.Qh4+ Qxh4 70.gxh4 Kh6
71.a6  1-0

[Event "National Open"]
[Site "Las Vegas USA"]
[Date "2007.06.10"]
[Round "5"]
[White "Friedel,J"]
[Black "Ginsburg,M"]
[Result "1-0"]
[WhiteElo "2474"]
[BlackElo "2372"]

1.e4 c5 2.Nf3 e6 3.d4 cxd4 4.Nxd4 a6 5.Nc3 Qc7 6.Bd3 Nf6 7.O-O Bc5 8.Nb3 Ba7
9.Bg5 d6 10.Bxf6 gxf6 11.Qg4 Ke7 12.Kh1 Nc6 13.f4 Bd7 14.Qh4 h5 15.e5 dxe5
16.Ne4 Rh6 17.fxe5 Qxe5 18.Rae1 Qxb2 19.c3 Rg8 20.Re2 Rg4 21.Qxg4 hxg4 22.Rxb2 f5
23.Nec5 Be8 24.Re2 Bb8 25.Bxf5 Ne5 26.Rfe1 Kf6 27.Be4 g3 28.h3 Bb5 29.Re3 Ng4
30.Rf3+ Ke7 31.Bxb7  1-0

[Event "Xose Enrique Rodriguez Pena Mem"]
[Site "Ourense ESP"]
[Date "2007.06.10"]
[Round "4"]
[White "Felgaer,R"]
[Black "Korneev,O"]
[Result "1/2-1/2"]
[WhiteElo "2574"]
[BlackElo "2565"]

1.e4 c5 2.Nc3 e6 3.Nf3 a6 4.d4 cxd4 5.Nxd4 Qc7 6.g3 Bb4 7.Ne2 Nf6 8.Bg2 Be7
9.Nf4 Nc6 10.g4 d6 11.g5 Nd7 12.h4 b5 13.b3 Bb7 14.Bb2 Nce5 15.Nh5 g6 16.Ng3 h5
17.Qe2 O-O 18.O-O-O b4 19.Na4 Bc6 20.f4  1/2-1/2

[Event "Xose Enrique Rodriguez Pena Mem"]
[Site "Ourense ESP"]
[Date "2007.06.12"]
[Round "6"]
[White "Salgado Lopez,I"]
[Black "Paunovic,D"]
[Result "1/2-1/2"]
[WhiteElo "2461"]
[BlackElo "2524"]

1.e4 c5 2.Nf3 e6 3.Nc3 a6 4.d4 cxd4 5.Nxd4 Qc7 6.Bd3 Nf6 7.Qe2 d6 8.f4 Nbd7
9.g4 Nc5 10.g5 Nfd7 11.Bd2 b5 12.b4 Nxd3+ 13.cxd3 Bb7 14.Rc1 Rc8 15.O-O Qb6
16.Be3 Qd8 17.f5 e5 18.Ne6 fxe6 19.fxe6 Be7 20.Qf3 Nf6 21.gxf6 Bxf6 22.Qh5+ g6
23.Qh6 Rc7 24.Bb6 Bg5 25.Bxc7 Bxh6 26.Bxd8 Bxc1 27.Rxc1 Kxd8 28.Nd5 Bxd5
29.exd5 Rf8 30.Rc6 Ke7 31.Rc7+ Ke8 32.Rc6 Rf3 33.Rxa6 Rxd3 34.Rxd6 Rd2 35.Kf1 e4
36.Ke1 e3 37.a3 g5 38.h3 h5 39.Rd7 g4 40.hxg4 hxg4 41.Rg7 Rxd5 42.Rxg4 Ke7
43.Ke2 Kxe6 44.Kxe3 Rh5 45.Kd4 Kd6 46.Rg6+ Kc7 47.Re6 Rh3 48.Kc5 Rh5+ 49.Kd4 Rh3
50.Re3 Rh6 51.Kd5 Rh5+ 52.Re5 Rh3 53.Re7+ Kb6 54.Re6+ Kb7 55.Kc5 Rxa3 56.Re7+ Kb8
57.Kb6 Rc3 58.Kxb5 Rh3 59.Ka5 Rh6 60.Rg7 Rf6 61.Kb5 Rh6 62.Rg8+ Kb7 63.Ka5 Ra6+
64.Kb5 Rb6+ 65.Kc5 Rc6+ 66.Kd5 Rh6 67.Kc4 Rh5 68.b5 Rh1 69.Rg7+ Kb6 70.Rg6+ Kb7  1/2-1/2

[Event "11th Master Open"]
[Site "Voronezh RUS"]
[Date "2007.06.12"]
[Round "1"]
[White "Nadeev,S"]
[Black "Deviatkin,A"]
[Result "1/2-1/2"]
[WhiteElo "2308"]
[BlackElo "2541"]

1.e4 c5 2.Nf3 e6 3.d4 cxd4 4.Nxd4 a6 5.Nc3 Qc7 6.Bd3 Nf6 7.Qe2 Bc5 8.Nb3 Bd6
9.h3 Nc6 10.O-O Bh2+ 11.Kh1 Bf4 12.Bxf4 Qxf4 13.Na4 b5 14.Nb6 Rb8 15.Nxc8 Rxc8
16.a4 O-O 17.g3 Qh6 18.Kg2 Nb4 19.axb5 axb5 20.Ra5 Nxd3 21.cxd3 b4 22.Ra4 Rb8
23.Rc1 Qg5 24.Qe3 Qxe3 25.fxe3 d5 26.exd5 Nxd5 27.e4  1/2-1/2

[Event "GM"]
[Site "Perm RUS"]
[Date "2007.06.13"]
[Round "2"]
[White "Khayrullin,D"]
[Black "Glek,I"]
[Result "1/2-1/2"]
[WhiteElo "2347"]
[BlackElo "2531"]

1.e4 c5 2.Nf3 e6 3.d4 cxd4 4.Nxd4 a6 5.Nc3 b5 6.Bd3 Qb6 7.Be3 Bc5 8.Be2 Nc6
9.Nxc6 Bxe3 10.fxe3 dxc6 11.Qd4 Qxd4 12.exd4 e5 13.O-O-O Nf6 14.dxe5 Nd7
15.e6 fxe6 16.e5 Nxe5 17.Bh5+ Ke7 18.Rhe1 Nc4 19.Bf3 Bd7 20.Ne4 Rad8 21.Nc5 Bc8
22.b3 Na5 23.b4  1/2-1/2

[Event "11th Master Open"]
[Site "Voronezh RUS"]
[Date "2007.06.16"]
[Round "5"]
[White "Bezgodov,A"]
[Black "Kosov,Iv"]
[Result "1/2-1/2"]
[WhiteElo "2561"]
[BlackElo "2367"]

1.e4 c5 2.Nf3 e6 3.d4 cxd4 4.Nxd4 a6 5.Nc3 Qc7 6.Bd3 b5 7.O-O Bb7 8.Re1 d6
9.a4 bxa4 10.Nd5 exd5 11.exd5+ Ne7 12.Nf5 Kd8 13.Bg5 f6 14.Nd4 Bxd5 15.Be4 Qb7
16.Bxd5 Nxd5 17.c4 Nc7 18.Bf4 Nc6 19.Nf5 Ne5 20.c5 Nd5 21.Rxa4 g6 22.Ng3 Rc8
23.cxd6 Nxf4 24.Rxf4 Bh6 25.Rfe4 Rc1 26.Qa4 Qb5 27.Rxc1 Qxa4 28.Rxa4 Bxc1
29.Rxa6 Kd7 30.Ne4 Nc6 31.b4 Rb8 32.Nxf6+ Kxd6 33.Nxh7 Rxb4 34.g3 Bb2 35.h4 Bd4
36.Nf8 Rb2 37.Nxg6 Bxf2+ 38.Kg2 Be1+ 39.Kf3 Rb3+ 40.Ke4 Bxg3 41.h5 Rb5 42.h6 Rh5
43.Nh8  1/2-1/2

[Event "ch-NED w"]
[Site "Hilversum NED"]
[Date "2007.06.18"]
[Round "1"]
[White "Van Nies,P"]
[Black "Hamelink,D"]
[Result "1/2-1/2"]
[WhiteElo "2174"]
[BlackElo "2220"]

1.e4 c5 2.Nf3 e6 3.d4 cxd4 4.Nxd4 a6 5.Nc3 b5 6.Bd3 Qb6 7.Nb3 Qc7 8.O-O Bb7
9.f4 b4 10.Ne2 Nf6 11.Ng3 d6 12.Qe1 Nc6 13.Kh1 Be7 14.Be3 h5 15.h3 Nd7  1/2-1/2

[Event "11th Master Open"]
[Site "Voronezh RUS"]
[Date "2007.06.18"]
[Round "6"]
[White "Kiselev,G"]
[Black "Geller,J"]
[Result "0-1"]
[WhiteElo "2424"]
[BlackElo "2500"]

1.e4 c5 2.Nf3 e6 3.d4 cxd4 4.Nxd4 a6 5.Nc3 Qc7 6.Bd3 Nf6 7.O-O b5 8.Qe2 d6
9.Kh1 Be7 10.f4 Nbd7 11.Bd2 Bb7 12.Rae1 Nc5 13.e5 Nfd7 14.Bxb5 axb5 15.b4 dxe5
16.Ndxb5 Qc6 17.bxc5 Nxc5 18.fxe5 O-O 19.Nd4 Qd7 20.Rf4 f5 21.exf6 Bxf6 22.Nb3 Nxb3
23.cxb3 Rfd8 24.Rf2 Bh4 25.Bf4 Bxf2 26.Qxf2 Rf8 27.Qg3 Rf6 28.Rg1 Raf8 29.Be5 Rg6
30.Qe1 Qd3 31.Ne2 Rxg2 32.Rxg2 Bxg2+ 33.Kxg2 Qe4+ 34.Kg1 Qe3+  0-1

[Event "Open"]
[Site "Pula CRO"]
[Date "2007.06.24"]
[Round "2"]
[White "Zelcic,R"]
[Black "Schneider,Ve"]
[Result "1-0"]
[WhiteElo "2554"]
[BlackElo "2238"]

1.e4 c5 2.Nf3 e6 3.d4 cxd4 4.Nxd4 a6 5.Nc3 Qc7 6.Be2 b5 7.O-O Bb7 8.Re1 Nc6
9.Nxc6 dxc6 10.e5 Rd8 11.Bd3 c5 12.Qg4 Ne7 13.Bg5 Rd4 14.Qg3 Ng6 15.Rad1 Be7
16.Ne2 Rd5 17.Bxg6 hxg6 18.Nf4 Rxd1 19.Rxd1 Bxg5 20.Qxg5 Qe7 21.Qg3 Qh4 22.Qxh4 Rxh4
23.g3 Rg4 24.b3 Rg5 25.Re1 Bd5 26.Nd3 c4 27.Nc5 a5 28.h4 Rh5 29.f4 Ke7 30.bxc4 Bxc4
31.Nb7 a4 32.Nd6 Rh8 33.a3 Rb8 34.Rb1 Rd8 35.Kf2 Rxd6 36.exd6+ Kxd6 37.Ke3 Kc5
38.g4 Ba2 39.Rb2 Bc4 40.h5 gxh5 41.gxh5 f6 42.Rb1 e5 43.fxe5 fxe5 44.Rg1 b4
45.axb4+ Kxb4 46.Rxg7 a3 47.h6 a2 48.Ra7  1-0

[Event "Masters"]
[Site "Grenoble FRA"]
[Date "2007.06.25"]
[Round "6"]
[White "Rodrigues,Em"]
[Black "Fargere,Fr"]
[Result "0-1"]
[WhiteElo "2153"]
[BlackElo "2344"]

1.e4 c5 2.Nf3 e6 3.Nc3 a6 4.d4 cxd4 5.Nxd4 Qc7 6.Bd3 Nf6 7.O-O Bc5 8.Nb3 Be7
9.f4 d6 10.a4 Nc6 11.a5 b5 12.axb6 Qxb6+ 13.Kh1 Nd7 14.Qe2 Nb4 15.Be3 Qc7
16.Nd4 O-O 17.Bc4 Nf6 18.Bb3 d5 19.exd5 Nbxd5 20.Bd2 Bc5 21.Nxd5 Nxd5 22.Nb5 Qc6
23.Nc3 Nf6 24.Be3 Bxe3 25.Qxe3 Bb7 26.Qe2 Qc5 27.Ra4 Qf5 28.Nd1 Ne4 29.Ne3 Qg6
30.Rb4 Rab8 31.Rb6 Qh6 32.Kg1 Nc5 33.Bc4 Bf3 34.Qxf3 Rxb6 35.Ng4 Qg6 36.b3 Qxc2
37.Ne5 Nxb3 38.Qe3 Rb4 39.Bxa6 Qc5 40.Qxc5 Nxc5 41.Be2 Ne4 42.Rc1 Rb2 43.Bd3 Nf6
44.Bc2 Nd5 45.Nd3 Ra2  0-1

[Event "King's Gambit B"]
[Site "Lipetsk RUS"]
[Date "2007.06.25"]
[Round "5"]
[White "Szieberth,A"]
[Black "Truskavetsky,A"]
[Result "0-1"]
[WhiteElo "2321"]
[BlackElo "2377"]

1.e4 c5 2.Nf3 e6 3.d4 cxd4 4.Nxd4 a6 5.Nc3 b5 6.Bd3 Qb6 7.Be3 Bc5 8.Be2 Nc6
9.Nxc6 dxc6 10.Qd6 Bxd6 11.Bxb6 e5 12.O-O-O Be7 13.Bc7 f6 14.f4 Ra7 15.Bb8 Rb7
16.Bd6 Bxd6 17.Rxd6 Bd7 18.f5 Ke7 19.Rhd1 Nh6 20.b4 Ra8 21.a4 Nf7 22.R6d3 a5
23.bxa5 b4 24.a6 Rc7 25.Nb1 c5 26.Nd2 Bxa4 27.Nc4 Rxa6 28.Rg3 Bb5 29.Rd5 Kf8
30.Kd2 Bxc4 31.Bxc4 Rd6 32.Rdd3 Ng5 33.Rg4 Rd4 34.Rxd4 cxd4 35.Kd3 Nf7 36.Bxf7 Kxf7
37.Rh4 h6 38.Rg4 Rc3+ 39.Kd2 Re3 40.Rh4 Ra3 41.Rg4 b3 42.cxb3 Rxb3 43.Kc2 Re3
44.Kd2 h5 45.Rh4 g6 46.Kd1 Kg7 47.fxg6 Kxg6 48.g4 hxg4 49.Rxg4+ Kh5 50.h3 Rxh3
51.Rg8 Rh4  0-1